Country Names that Stays the Same in All Featured Languages - Statistics

General Stats
  • This quiz has been taken 106 times
  • The average score is 14 of 22
Answer Stats
Hint Answer % Correct
Oceania Nauru
81%
Oceania Tuvalu
81%
Oceania Samoa
80%
Oceania Kiribati
77%
Oceania Tonga
76%
Oceania Vanuatu
76%
Africa Niger
75%
North America Panama
75%
Africa Mali
73%
Africa Togo
72%
Africa Nigeria
69%
North America Haiti
61%
Africa Angola
60%
North America Honduras
57%
Europe Liechtenstein
53%
Africa Senegal
53%
Asia Nepal
52%
Africa Burundi
49%
Asia Laos
49%
Africa Burkina Faso
48%
Africa Liberia
46%
Asia Sri Lanka
36%
No matching quizzes found
Score Distribution
Percent of People with Each Score
Percentile by Number Answered
Your Score History
You have not taken this quiz